| 000 | 00337 a2200109 4500 | ||
|---|---|---|---|
| 001 | ART_33048 | ||
| 005 | 20260410161926.0 | ||
| 008 | 260409a | ||
| 245 | 1 | 0 | _aEl desarrollo de contratos derivados en el Mercado de Fletes Marítimos |
| 100 | 1 | _aRossi, Guillermo | |
| 773 | 0 |
_tLecturas _g- Nº 14 (ene. 2010) _wREV19328 |
|
| 999 |
_c28181 _d28181 |
||